000
00287nam a22001337a 4500
008
180302b xxu||||| |||| 00| 0 eng d
020
_a
9780789729811
041
_a
eng
080
_a
004
100
_a
36
101
_a
SHK
245
_a
CNE for NetWare 6
_c
Clarke,D.J
942
_2
udc
_c
BK
999
_c
44078
_d
44078